The effect of using rice brand and dackweed water spinach and rice brand and pellet on the growth and sorvival rate of barbodes altus, ឥទ្ធិពលនៃការប្រើប្រាស់ចំណីកន្ទក់​និងចកបាយទា កន្ទក់ និងត្រកួន និងចំណីគ្រាប់ទៅលើអត្រាលូតលាស់និងអត្រារស់របស់ត្រីកាហែ (Record no. 3842)

000 -LEADER
fixed length control field 00829nam a22001577a 4500
003 - CONTROL NUMBER IDENTIFIER
control field OSt
005 - DATE AND TIME OF LATEST TRANSACTION
control field 20151202131750.0
008 - FIXED-LENGTH DATA ELEMENTS--GENERAL INFORMATION
fixed length control field 151202b xxu||||| |||| 00| 0 eng d
040 ## - CATALOGING SOURCE
Transcribing agency RUA
082 ## - DEWEY DECIMAL CLASSIFICATION NUMBER
Classification number FIS LOE 2001 B173 Or.1
100 ## - MAIN ENTRY--PERSONAL NAME
9 (RLIN) 4129
Personal name LOEU, RATANAK.
245 ## - TITLE STATEMENT
Title The effect of using rice brand and dackweed water spinach and rice brand and pellet on the growth and sorvival rate of barbodes altus, ឥទ្ធិពលនៃការប្រើប្រាស់ចំណីកន្ទក់​និងចកបាយទា កន្ទក់ និងត្រកួន និងចំណីគ្រាប់ទៅលើអត្រាលូតលាស់និងអត្រារស់របស់ត្រីកាហែ
260 ## - PUBLICATION, DISTRIBUTION, ETC. (IMPRINT)
Place of publication, distribution, etc. Phnom Penh
Name of publisher, distributor, etc. RUA
Date of publication, distribution, etc. 2001
300 ## - PHYSICAL DESCRIPTION
Extent 44p.
Other physical details ill.
Dimensions 29cm.
942 ## - ADDED ENTRY ELEMENTS (KOHA)
Source of classification or shelving scheme
Koha item type FIS
Holdings
Price effective from Date last seen Permanent Location Not for loan Date acquired Source of classification or shelving scheme Koha item type Lost status Withdrawn status Date last checked out Total Checkouts Shelving location Damaged status Barcode Current Location Full call number
2015-12-022015-12-02Library Block B 2015-12-02 FIS    B173 RUA010094Library Block BFIS LOE 2001 B173 Or.1
2015-12-022022-08-02Library Block B 2015-12-02 FIS  2022-07-011B173 RUA027839Library Block BFIS LOE 2001 B173 Or.2
2015-12-022015-12-02Library Block B 2015-12-02 FIS    B173 RUA027911Library Block BFIS LOE 2001 B173 Or.3
2015-12-022022-01-05Library Block B 2015-12-02 FIS  2021-12-081B173 RUA027983Library Block BFIS LOE 2001 B173 Or.4
2015-12-022015-12-02Library Block B 2015-12-02 FIS    B173 RUA027557Library Block BFIS LOE 2001 B173 Or.5
មជ្ឈមណ្ឌលឯការនៃសាកលវិទ្យាល័យភូមិន្ទកសិកម្មចំការដូង

Powered by Koha